01028nac a22002771i 4500003000900000005001700009008004100026020001800067020001300085040004300098082002000141245014300161264006000304300002700364336002600391337002800417338002700445500002100472650003200493650001900525650005200544655001700596942001200613999001500625952011000640EG-ScBUE20250731115008.0250731s2007 nyu f 001 0 eng d a9780735403826 a0094243X aEG-ScBUEbengerdacEG-ScBUEdEG-ScBUE04a539.76222bCAI00aCairo International Conference on High Energy (CHCEP II) /ceditor Shaaban Khalil, Ain Shams University & German University, Cairo, Egypt. 1aMelville, NY : bAmerican Institute of Physics, c2007. avi, 286 pages ;c24 cm 2rdacontentatextbtxt aunmediated2rdamediabn avolumebnc2rdacarrier aIncludes index.  7aHigh energy physics.2BUEsh 7aCICHEP.2BUEsh 7aParticles (Nuclear physics)vCongresses.2BUEsh vReading book cBB2ddc c3505d3505 00102ddc4070aMAINbMAINc1STd2007-04-22ePurchasel0o539.76 CAIp000030245r2025-07-15 00:00:00yBB